Normal view
MARC view
- Limlingan, Victor Simpao,
Entry Personal Name
001 - CONTROL NUMBER
- control field: 4733
003 - CONTROL NUMBER IDENTIFIER
- control field: URS
005 - DATE AND TIME OF LATEST TRANSACTION
- control field: 20230616132103.0
008 - FIXED-LENGTH DATA ELEMENTS
- fixed length control field: 230616|| aca||aabn | a|a d
040 ## - CATALOGING SOURCE
- Original cataloging agency: URS
100 ## - HEADING--PERSONAL NAME
- Personal name: Limlingan, Victor Simpao,
- Relator term: author.